| 000 | 00393nam a22001577a 4500 | ||
|---|---|---|---|
| 003 | OSt | ||
| 005 | 20211115082956.0 | ||
| 008 | 211115b |||||||| |||| 00| 0 eng d | ||
| 020 | _a9788120334861 | ||
| 040 |
_ahu _cddc |
||
| 082 | _a352.236/VAN | ||
| 245 | _aLEADERSHIP IN PUBLIC ORGANIZATIONS | ||
| 260 |
_aNEW DELHI _bHALL OF INDIA _c2008 |
||
| 300 | _aXI,310P,23CM | ||
| 942 |
_2ddc _cBOOKS _n0 |
||
| 999 |
_c18086 _d18086 |
||